[Event "11th Open"]
[Site "Ljubljana SLO"]
[Date "2000.06.24"]
[Round "8"]
[White "Kovacevic,B"]
[Black "Podlesnik,B"]
[Result "1-0"]
[WhiteElo "2438"]
[BlackElo "2415"]

1.c4 c5 2.Nf3 Nf6 3.Nc3 e6 4.g3 d5 5.cxd5 Nxd5 6.Bg2 Be7 7.O-O Nc6 8.d4 O-O
9.e4 Ndb4 10.dxc5 Bxc5 11.a3 Qxd1 12.Rxd1 Nc2 13.Rb1 N2d4 14.Nxd4 Bxd4 15.Nb5 e5
16.Nxd4 Nxd4 17.Be3 Bg4 18.Rd3 Be2 19.Rc3 Nf3+ 20.Kh1 Rfc8 21.Bf1 Bxf1 22.Rxf1 Rxc3
23.bxc3 g5 24.Kg2 g4 25.Bh6 Rc8 26.Rd1 f6 27.Rd7 Rxc3 28.Rg7+ Kh8 29.Rxb7 Kg8
30.Rg7+ Kh8 31.Rxa7 Kg8 32.Rg7+ Kh8 33.Rf7 Rc8 34.Rxf6 Kg8 35.Rf5 Re8 36.a4 Nd4
37.Rg5+ Kf7 38.Rxg4 Ne6 39.f4 Ra8 40.f5 Nc5 41.Rg7+ Kf6 42.g4 Nxe4 43.Rxh7 Rxa4
44.h4 Ra2+ 45.Kf3 Nd2+ 46.Bxd2 Rxd2 47.Rh6+ Kg7 48.g5 Rd4 49.Kg3 Rf4 50.f6+ Kg8
51.Rg6+ Kh8 52.Rg7 Rf1 53.Re7 e4 54.Rxe4 Kh7 55.Kg4 Kg6 56.h5+ Kh7 57.g6+ Kh6
58.f7  1-0

[Event "VII Open"]
[Site "Linares CHI"]
[Date "2000.06.25"]
[Round "6"]
[White "Vera,S"]
[Black "Toloza,P"]
[Result "0-1"]
[WhiteElo "2080"]
[BlackElo "2347"]

1.Nf3 Nf6 2.c4 e6 3.Nc3 c5 4.d4 cxd4 5.Nxd4 b6 6.e4 d6 7.g3 Bb7 8.Bg2 Nbd7
9.O-O a6 10.b3 Qc7 11.Bb2 Rc8 12.Re1 Qb8 13.h3 Be7 14.f4 O-O 15.g4 Ne8 16.f5 Nc7
17.Nde2 b5 18.Nf4 bxc4 19.bxc4 Ne5 20.Kh1 Bg5 21.Nce2 Rfd8 22.Rf1 Qa8 23.Qc2 Nd3  0-1

[Event "XVIII Open"]
[Site "Andorra AND"]
[Date "2000.06.26"]
[Round "3"]
[White "Narciso Dublan,M"]
[Black "Simonet,M"]
[Result "1-0"]
[WhiteElo "2468"]
[BlackElo "2248"]

1.c4 c5 2.Nf3 Nf6 3.Nc3 d5 4.cxd5 Nxd5 5.g3 Nc6 6.Bg2 Nc7 7.O-O e5 8.Ne1 Be7
9.Nd3 f6 10.b3 Qd7 11.f4 O-O 12.fxe5 fxe5 13.Rxf8+ Bxf8 14.Bb2 b6 15.e3 Ba6
16.Nf2 Rd8 17.Nce4 Nd5 18.Qf3 Qf7 19.Qxf7+ Kxf7 20.Ng5+ Kg8 21.Ne6 Rd6 22.Bxd5 Rxd5
23.Nc7 Rxd2 24.Bc1 Rxf2 25.Kxf2 Bd3 26.Bb2 Bd6 27.Ne6 Bf5 28.Rd1 Be7 29.Nc7 Nb4
30.Nd5 Nxd5 31.Rxd5 Bf6 32.Bxe5  1-0

[Event "XVIII Open"]
[Site "Andorra AND"]
[Date "2000.06.27"]
[Round "4"]
[White "Pogorelov,R"]
[Black "Serra Olives,T"]
[Result "1-0"]
[WhiteElo "2455"]
[BlackElo "2196"]

1.Nf3 Nf6 2.c4 c5 3.Nc3 e6 4.g3 b6 5.Bg2 Bb7 6.O-O Be7 7.Re1 O-O 8.e4 d6
9.d4 cxd4 10.Nxd4 Qc8 11.Be3 Nbd7 12.Rc1 Nc5 13.f3 a6 14.Bf2 Qc7 15.f4 Rfd8
16.g4 d5 17.cxd5 Qxf4 18.b4 Nxg4 19.Bg3 Qf6 20.bxc5 Bxc5 21.e5 Qg6 22.Be4 f5
23.exf6 Qxf6 24.Qxg4 Bxd4+ 25.Kh1 Bxc3 26.Rf1 Qd4 27.Rcd1 Qb4 28.Qxe6+ Kh8
29.Qf5 g6 30.Be5+ Bxe5 31.Qxe5+ Kg8 32.Qe6+ Kh8 33.Rf7 Qc3 34.Rxh7+  1-0

[Event "XVIII Open"]
[Site "Andorra AND"]
[Date "2000.06.28"]
[Round "5"]
[White "Marin,L"]
[Black "Reinaldo Castineira,R"]
[Result "0-1"]
[WhiteElo "2187"]
[BlackElo "2345"]

1.Nf3 c5 2.c4 Nf6 3.Nc3 e6 4.g3 b6 5.Bg2 Bb7 6.O-O Be7 7.Re1 d6 8.e4 a6 9.d4 cxd4
10.Nxd4 Qc7 11.Be3 Nbd7 12.Rc1 O-O 13.f4 Rfe8 14.g4 Nf8 15.g5 N6d7 16.Nd5 exd5
17.cxd5 Qb8 18.Nc6 Bxc6 19.dxc6 Nc5 20.b4 Nce6 21.h4 Nc7 22.f5 d5 23.exd5 Bd6
24.a4 Rxe3 25.Rxe3 Bf4 26.Re7 Qd8 27.Re2 Bxc1 28.Qxc1 Qd6 29.Qc4 Rd8 30.Qd4 g6
31.Qe5 gxf5 32.Qxd6 Rxd6 33.Re7 Nxd5 34.Bxd5 Rxd5 35.Re8 Rd1+ 36.Kf2 Rc1
37.b5 axb5 38.axb5 Kg7 39.h5 Ne6 40.h6+ Kg6 41.Rb8 Kxg5 42.Rxb6 Kxh6 43.Rb7 Kg7
44.Rd7 Rc5  0-1

[Event "XVIII Open"]
[Site "Andorra AND"]
[Date "2000.07.01"]
[Round "8"]
[White "Lalic,B"]
[Black "Reinaldo Castineira,R"]
[Result "1-0"]
[WhiteElo "2548"]
[BlackElo "2345"]

1.Nf3 Nf6 2.c4 e6 3.Nc3 c5 4.g3 b6 5.Bg2 Bb7 6.O-O Be7 7.d4 cxd4 8.Qxd4 a6
9.Bg5 d6 10.Bxf6 Bxf6 11.Qd3 O-O 12.Rfd1 Be7 13.Ng5 Bxg5 14.Bxb7 Ra7 15.Be4 f5
16.Bg2 Rd7 17.e4 f4 18.e5 dxe5 19.Qe2 Qf6 20.Ne4 Qg6 21.c5 Bd8 22.Rxd7 Nxd7
23.c6 Nf6 24.a4 Nd5 25.Nc3 Nxc3 26.bxc3 Qf6 27.Be4 Be7 28.Kg2 fxg3 29.hxg3 Bc5
30.Rd1 Qg5 31.Rd7 h5 32.c7 h4 33.Qf3 Rc8 34.Qf7+ Kh8 35.Qg6  1-0

[Event "29th ch-GRE Team"]
[Site "Athens GRE"]
[Date "2000.07.09"]
[Round "4"]
[White "Kourkounakis,I"]
[Black "Gogolis,A"]
[Result "1-0"]
[WhiteElo "2407"]
[BlackElo "2219"]

1.Nf3 Nf6 2.c4 c5 3.Nc3 e6 4.g3 b6 5.Bg2 Bb7 6.O-O a6 7.b3 Be7 8.d4 cxd4
9.Qxd4 Nc6 10.Qf4 d6 11.Rd1 Qb8 12.Ba3 Ne5 13.Qd4 Nc6 14.Qxb6 Nd7 15.Qe3 O-O
16.Rd2 d5 17.Bb2 Bc5 18.Qg5 Be7 19.Qf4 Bd6 20.Qh4 Ne7 21.cxd5 exd5 22.e4 Ng6
23.Qh3 Nf6 24.Nxd5 Nxe4 25.Rd4 Bc5 26.Rxe4 Bxd5 27.Re2 Qb7 28.Ng5 h6 29.Ne4 Bb6
30.Qf5 Bc6 31.Nd6 Qc7  1-0

[Event "6th Tan Chin Nam Cup"]
[Site "Beijing CHN"]
[Date "2000.07.09"]
[Round "1"]
[White "Adianto,U"]
[Black "Wang Zili"]
[Result "1/2-1/2"]
[WhiteElo "2583"]
[BlackElo "2603"]

1.Nf3 c5 2.c4 Nf6 3.Nc3 e6 4.g3 b6 5.Bg2 Bb7 6.O-O Be7 7.d4 cxd4 8.Qxd4 d6
9.Rd1 a6 10.Ng5 Bxg2 11.Kxg2 Nc6 12.Qf4 O-O 13.b3 Ra7 14.Bb2 Ne5 15.Nce4 Ng6
16.Qe3 Ng4 17.Qc3 e5 18.f3 Nh6 19.Nh3 Rd7 20.Qd3 Kh8 21.Nc3 Re8 22.Nd5 Bf8
23.Nf2 Rb7 24.a4 Qc8 25.Bc1 Nf5 26.e4 Nfe7 27.Be3 Nxd5 28.cxd5 b5 29.Rdc1 Qb8
30.a5 Ne7 31.Qd2 f5 32.Nd3 fxe4 33.fxe4 b4 34.Ra4 Rb5 35.Rxb4 Ng8 36.Rc6 Nf6
37.Rb6 Qc8 38.R6xb5 axb5 39.Nf2 Qa6 40.Qd3 Qxa5 41.Qxb5 Qa2 42.Bg5 Ng4 43.Qxe8 Qxf2+
44.Kh3 Qf3 45.Qe6 Nf2+ 46.Kh4 h6 47.Qf5 Qxf5 48.exf5 hxg5+ 49.Kxg5 Kg8 50.Kg6 e4
51.Rc4 e3 52.Rc2 Nd3 53.Re2 Nb4 54.f6 Nxd5 55.f7+ Kh8 56.b4 Ne7+ 57.Kg5 Nd5
58.b5 Kh7 59.Kf5 g6+ 60.Ke4 Nc3+ 61.Kxe3 Nxb5 62.Rc2 Kg7 63.Kd3  1/2-1/2

[Event "ch-NOR"]
[Site "Asker NOR"]
[Date "2000.07.11"]
[Round "5"]
[White "Eriksen,T"]
[Black "Johansen,Te"]
[Result "0-1"]
[WhiteElo "2242"]
[BlackElo "2211"]

1.Nf3 Nf6 2.c4 e6 3.Nc3 c5 4.g3 b6 5.Bg2 Bb7 6.O-O Be7 7.d4 cxd4 8.Qxd4 O-O
9.Rd1 d6 10.b3 Nbd7 11.e4 Qb8 12.Ba3 Nc5 13.e5 dxe5 14.Qxe5 Qc8 15.Qe3 Re8
16.Ne5 a6 17.Bb2 Qc7 18.Rd2 Rad8 19.Rad1 Rxd2 20.Rxd2 h6 21.Bxb7 Qxb7 22.b4 Ncd7
23.Nxd7 Nxd7 24.Ne4 Qc6 25.Qd4 Nf6 26.Nd6 Bxd6 27.Qxd6 Qxc4 28.Qxb6 Qxa2
29.Qa5 Qb1+ 30.Kg2 Qe4+ 31.f3 Qe1 32.b5 axb5 33.Bxf6 gxf6 34.Qc3 Kg7 35.Qb2 Qe5
36.Qxe5 fxe5 37.Rb2 Rb8  0-1

[Event "2nd ShakkiNet GM"]
[Site "Helsinki FIN"]
[Date "2000.07.11"]
[Round "2"]
[White "Norri,J"]
[Black "Nyysti,S"]
[Result "1-0"]
[WhiteElo "2400"]
[BlackElo "2224"]

1.Nf3 c5 2.c4 Nf6 3.Nc3 b6 4.e3 g6 5.d4 Bg7 6.d5 d6 7.e4 O-O 8.Bd3 e6 9.h3 exd5
10.exd5 Re8+ 11.Be3 Nbd7 12.O-O a6 13.a4 Rb8 14.Qd2 Bb7 15.Rae1 Ne5 16.Nxe5 Rxe5
17.f4 Re8 18.f5 Nh5 19.Ne4 Rxe4 20.Bxe4 Ng3 21.Rf4 Be5 22.fxg6 hxg6 23.Bd3 Bxf4
24.Bxf4 Nh5 25.Bg5 Qd7 26.Re7 Qxa4 27.Bxg6 fxg6 28.Qd3 Ng7 29.Qxg6 Qd1+ 30.Kh2 Qd4
31.Bh6  1-0

[Event "2nd ShakkiNet GM"]
[Site "Helsinki FIN"]
[Date "2000.07.11"]
[Round "2"]
[White "Sammalvuo,T"]
[Black "Solozhenkin,E"]
[Result "0-1"]
[WhiteElo "2383"]
[BlackElo "2528"]

1.Nf3 Nf6 2.c4 c5 3.Nc3 g6 4.g3 Bg7 5.Bg2 O-O 6.O-O Nc6 7.d4 cxd4 8.Nxd4 Ng4
9.e3 d6 10.b3 a6 11.a4 Rb8 12.Ra2 Bd7 13.Rd2 Nxd4 14.exd4 Nf6 15.b4 Qc7 16.c5 b6
17.Ba3 bxc5 18.dxc5 Be6 19.Nd5 Bxd5 20.cxd6 Qxd6 21.Bxd5 Nxd5 22.Rxd5 Qc6
23.Rc5 Qb7 24.Qe2 Rfd8 25.Ra5 Ra8 26.Rd1 Bd4 27.Rd3 e5 28.Rb3 Rd6 29.Bc1 Rad8
30.Bg5 f6 31.Bh6 Bb6  0-1

[Event "Chesswise International"]
[Site "Stratton Mountain USA"]
[Date "2000.07.11"]
[Round "2"]
[White "Donaldson,J"]
[Black "Mayer,Stev"]
[Result "1-0"]
[WhiteElo "2396"]
[BlackElo "2214"]

1.Nf3 c5 2.c4 Nf6 3.Nc3 e6 4.g3 b6 5.Bg2 Bb7 6.O-O Be7 7.d4 cxd4 8.Qxd4 d6
9.Rd1 a6 10.Bg5 Nbd7 11.Qd2 Qc7 12.Bf4 e5 13.Bg5 O-O 14.b3 Rfe8 15.Rac1 h6
16.Bxf6 Nxf6 17.Nh4 Bxg2 18.Nxg2 Rac8 19.Ne3 Bf8 20.Ned5 Nxd5 21.Nxd5 Qb7
22.a4 a5 23.Rc3 Kh8 24.e4 Rc6 25.Rd3 Kg8 26.Nc3 Re6 27.Rd5 Kh8 28.Rb5 Rc5
29.Nd5 Rxb5 30.cxb5 Be7 31.Qc2 Bd8 32.Rc1 Kh7 33.Qc8  1-0

[Event "ch-NOR"]
[Site "Asker NOR"]
[Date "2000.07.14"]
[Round "8"]
[White "Gausel,E"]
[Black "Johannessen,LE"]
[Result "1/2-1/2"]
[WhiteElo "2492"]
[BlackElo "2431"]

1.c4 c5 2.Nf3 Nf6 3.Nc3 e6 4.g3 b6 5.Bg2 Bb7 6.O-O Be7 7.Re1 d5 8.cxd5 Nxd5
9.e4 Nxc3 10.bxc3 O-O 11.d4 Nd7 12.Rb1 cxd4 13.cxd4 Nf6 14.Qd3 Rc8 15.Bg5 Rc7
16.Rbd1 Qc8 17.Qb1 Qa8 18.d5 exd5 19.exd5 Nxd5 20.Rxd5 Bxd5 21.Bxe7 Rxe7
22.Rxe7 Bxf3 23.Bxf3 Qxf3 24.Rxa7 Rd8 25.Qe1 h5 26.Rd7  1/2-1/2

[Event "ch-Paris"]
[Site "Paris FRA"]
[Date "2000.07.15"]
[Round "1"]
[White "Lukov,V"]
[Black "Soulages,L"]
[Result "1-0"]
[WhiteElo "2437"]
[BlackElo "2133"]

1.Nf3 c5 2.c4 Nf6 3.Nc3 e6 4.e3 Nc6 5.d4 cxd4 6.exd4 d5 7.Bd3 Be7 8.O-O O-O
9.cxd5 Nxd5 10.a3 Nf6 11.Bc2 a6 12.Qd3 Qd6 13.Bg5 g6 14.Rad1 b6 15.Rfe1 Bb7
16.Ne5 Rad8 17.Bxf6 Bxf6 18.Ne4 Qe7 19.Nxc6 Bxc6 20.Nxf6+ Qxf6 21.Qxa6 Qg5
22.Be4 Bxe4 23.Rxe4 Rd6 24.Qe2 Rfd8 25.h4 Qa5 26.Qe3 Rd5 27.Rc1 Qa4 28.b4 Ra8
29.Rxe6 Qxa3 30.Rxb6 Qa7 31.Rbc6 Qxd4 32.Qxd4 Rxd4 33.R1c4 Rxc4 34.Rxc4 Ra2
35.g4 h6 36.g5 hxg5 37.hxg5 f6 38.Rc8+ Kf7 39.Rc7+ Kf8 40.gxf6 Rb2 41.Rb7  1-0

[Event "ch-SCO"]
[Site "Glasgow SCO"]
[Date "2000.07.19"]
[Round "5"]
[White "Berry,N"]
[Black "Buchanan,W"]
[Result "1/2-1/2"]
[WhiteElo "2247"]
[BlackElo "2115"]

1.Nf3 Nf6 2.c4 e6 3.Nc3 c5 4.g3 Nc6 5.Bg2 Qb6 6.e4 d6 7.O-O Be7 8.d3 O-O
9.Rb1 Rd8 10.Ne1 Nd4 11.Be3 Bd7 12.f4 Bc6 13.g4 d5 14.g5 Ne8 15.exd5 Nf5
16.Bf2 exd5 17.Nxd5 Bxd5 18.Bxd5 Qc7 19.Qg4 g6 20.Ng2 Neg7 21.Rfe1 Bd6 22.Be4 Ne6
23.Bxf5 gxf5 24.Qxf5 Bxf4 25.Nxf4 Qxf4 26.Qxf4 Nxf4 27.Re7 b6 28.Be3 Nxd3
29.Rf1 Re8 30.Rfxf7 Rxe7 31.Rxe7 Nxb2 32.Re4 Kf7 33.Bd2 Re8 34.Rf4+ Kg6 35.Rf6+ Kh5
36.Rh6+ Kg4 37.Rxh7 Nxc4 38.Bc3 Kxg5 39.Rxa7 Re2 40.a4 Rc2 41.Be1 Ne5 42.Bg3 Nf3+
43.Kf1 Nxh2+ 44.Bxh2 Rxh2 45.a5 b5 46.Rc7 c4 47.Rc5+ Kf4 48.Rxb5 Ke3 49.a6 Rh1+
50.Kg2 Ra1 51.Rb6 c3 52.Re6+ Kd4 53.Rc6 Ra2+ 54.Kf3 c2 55.a7 Kd3 56.Rd6+ Kc3
57.Rc6+ Kb2 58.Rb6+ Ka1 59.Rc6 Kb1 60.Rb6+ Kc1 61.Rb7 Kd1 62.Rd7+ Ke1 63.Re7+ Kf1
64.Rc7 Ke1 65.Rxc2  1/2-1/2

[Event "10th Open"]
[Site "Jyvaskyla FIN"]
[Date "2000.07.20"]
[Round "4"]
[White "Linqvist,G"]
[Black "Nyysti,S"]
[Result "1-0"]
[WhiteElo "2129"]
[BlackElo "2305"]

1.c4 c5 2.Nc3 Nf6 3.Nf3 b6 4.g3 Bb7 5.Bg2 g6 6.O-O Bg7 7.a3 O-O 8.Rb1 Nc6
9.b4 d6 10.d3 Rc8 11.Bd2 Ba8 12.Ng5 e6 13.e4 h6 14.Nh3 Nd4 15.Nf4 Qd7 16.Re1 Rb8
17.Nfe2 Nxe2+ 18.Qxe2 a6 19.Rec1 Kh7 20.h3 Qe7 21.Kh2 Nd7 22.Re1 Bd4 23.Nd1 b5
24.Ne3 bxc4 25.dxc4 Nb6 26.Qd3 Qf6 27.Ng4 Qe7 28.Bxh6 Bg7 29.Bxg7 Kxg7 30.Red1 cxb4
31.axb4 Nc8 32.Qc3+ f6 33.Ra1 Qb7 34.Rdb1 Qc6 35.Rc1 e5 36.Ne3 Rf7 37.Nd5 Ne7
38.Qa3 Bb7 39.Qd3 Nxd5 40.exd5 Qb6 41.Qd2 Bc8 42.Rcb1 Bf5 43.Rb2 Rc7 44.Bf1 Ra7
45.Ra5 Rab7 46.Raa2 Qd4 47.Qxd4 exd4 48.g4 Be4 49.Ra4 f5 50.Kg3 fxg4 51.hxg4 Rf7
52.f4 Rc7 53.Ra3 d3 54.Bxd3 Bxd3 55.Rxd3 Rxc4 56.Ra3 Rb6 57.Kf3 g5 58.f5 Kf6
59.Re3 a5 60.b5 Rc5 61.Re6+ Kf7 62.Ke4 a4 63.Rb4 a3 64.Ra4 Rbxb5 65.Ra7+ Kf8  1-0

[Event "ch-Paris"]
[Site "Paris FRA"]
[Date "2000.07.20"]
[Round "6"]
[White "Nikcevic,N"]
[Black "Valuet,B"]
[Result "1-0"]
[WhiteElo "2473"]
[BlackElo "2230"]

1.Nf3 Nf6 2.c4 c5 3.Nc3 g6 4.e4 Nc6 5.d4 cxd4 6.Nxd4 Bg7 7.Be3 Ng4 8.Qxg4 Nxd4
9.Qd1 e5 10.Bd3 O-O 11.O-O d6 12.a4 Be6 13.Nb5 a6 14.Nxd4 exd4 15.Bd2 f5
16.exf5 Bxf5 17.Qb3 Kh8 18.Bxf5 Rxf5 19.Qd3 Qh4 20.f4 Raf8 21.h3 g5 22.Bb4 gxf4
23.Bxd6 f3 24.Bxf8 f2+ 25.Kh2 Be5+ 26.g3 Rh5 27.Kg2 Qxh3+ 28.Kxf2 Rf5+ 29.Ke1 Qxg3+
30.Kd2 Qg2+ 31.Qe2  1-0

[Event "It"]
[Site "Bergen NOR"]
[Date "2000.07.21"]
[Round "1"]
[White "Agopov,M"]
[Black "Bae,T"]
[Result "1-0"]
[WhiteElo "2399"]
[BlackElo "2246"]

1.Nf3 Nf6 2.c4 c5 3.Nc3 d5 4.cxd5 Nxd5 5.e4 Nxc3 6.bxc3 g6 7.Qa4+ Nd7 8.d4 Bg7
9.Bd3 O-O 10.O-O cxd4 11.cxd4 Nc5 12.Qc2 Nxd3 13.Qxd3 Bg4 14.Rd1 Qa5 15.Rb1 Bxf3
16.gxf3 Bxd4 17.Qxd4 Rfd8 18.Bd2 Qh5 19.Qe3 f5 20.Rxb7 fxe4 21.Qb3+ Kh8 22.Qc3+ e5
23.Qc7 Rg8 24.Qe7 Raf8 25.Bc3 Rf5 26.Bxe5+  1-0

[Event "KB Czech Open"]
[Site "Pardubice CZE"]
[Date "2000.07.21"]
[Round "1"]
[White "Popov,Val"]
[Black "Sakovich,I"]
[Result "1-0"]
[WhiteElo "2557"]
[BlackElo "2293"]

1.Nf3 c5 2.c4 e6 3.Nc3 Nf6 4.g3 d5 5.cxd5 Nxd5 6.Bg2 Nc6 7.d4 Nxc3 8.bxc3 cxd4
9.Nxd4 Nxd4 10.Qxd4 Qxd4 11.cxd4 Bd6 12.O-O Rb8 13.e4 b6 14.Bb2 f6 15.Rfc1 Bd7
16.f4 Rc8 17.Rxc8+ Bxc8 18.Rc1 Kd8 19.Rc6 Be7 20.Bh3 Bd7 21.Rc2 Bb4 22.Kf2 b5
23.e5 fxe5 24.fxe5 Ba5 25.d5 Bb6+ 26.Kg2 Re8 27.d6 Bc8 28.Bg4 Bb7+ 29.Bf3 Bxf3+
30.Kxf3 Rf8+ 31.Ke4 Rf1 32.Re2 Rd1 33.Bc3 Rc1 34.Kd3 Rh1 35.Rb2 Kd7 36.Rxb5 Rxh2
37.a4 Kc6 38.Rb4 h5 39.a5 Bd8 40.Rb8 Bg5 41.Rc8+ Kd5 42.d7 Rh3 43.d8=Q+ Bxd8
44.Rxd8+ Kc5 45.Be1 h4 46.Rg8 hxg3 47.Rxg7 g2+ 48.Ke4 Rh2 49.Bf2+ Kb5 50.Bxa7 Kxa5
51.Kf3  1-0

[Event "ch-Paris"]
[Site "Paris FRA"]
[Date "2000.07.21"]
[Round "7"]
[White "Lukov,V"]
[Black "Palac,M"]
[Result "1/2-1/2"]
[WhiteElo "2437"]
[BlackElo "2573"]

1.Nf3 Nf6 2.c4 c5 3.Nc3 e6 4.e3 d5 5.d4 dxc4 6.Bxc4 a6 7.a4 Be7 8.O-O Nc6
9.Qe2 cxd4 10.Rd1 e5 11.exd4 exd4  1/2-1/2

[Event "MTO Open"]
[Site "Biel SUI"]
[Date "2000.07.24"]
[Round "1"]
[White "Lada,I"]
[Black "Pelletier,Y"]
[Result "0-1"]
[WhiteElo "2182"]
[BlackElo "2474"]

1.c4 Nf6 2.Nc3 c5 3.Nf3 e6 4.e4 Nc6 5.d3 Qc7 6.Bg5 Be7 7.Qd2 a6 8.d4 cxd4
9.Nxd4 O-O 10.Be2 b6 11.Rc1 Bb7 12.Nf3 d6 13.O-O Ne5 14.Nxe5 dxe5 15.Bxf6 Bxf6
16.Rfd1 Rad8 17.Qe3 Rd4 18.Qg3 Qc6 19.Rd3 h6 20.Rcd1 Qc5 21.b3 Bc6 22.Bg4 Rfd8
23.Qf3 Qa5 24.a4 Bxe4  0-1

[Event "KB Czech Open"]
[Site "Pardubice CZE"]
[Date "2000.07.24"]
[Round "4"]
[White "Duppel,M"]
[Black "Votava,J"]
[Result "1-0"]
[WhiteElo "2376"]
[BlackElo "2506"]

1.Nf3 c5 2.c4 Nf6 3.Nc3 d5 4.cxd5 Nxd5 5.d4 cxd4 6.Qxd4 Nxc3 7.Qxc3 Nc6 8.e4 Bg4
9.Bb5 Rc8 10.O-O a6 11.Ne5 axb5 12.Nxg4 b4 13.Qg3 g6 14.Bf4 Bg7 15.Rfd1 Qb6
16.Bh6 O-O 17.Qh4 Rfd8 18.Bxg7 Kxg7 19.Rd5 h5 20.Ne3 e6 21.Rg5 f6 22.Rg3 Rh8
23.f4 Nd4 24.Kh1 Ne2 25.Rf3 Qd4 26.Qe1 Qxb2 27.Rd1 Nc3 28.Rd7+ Kf8 29.Rf2 Qb1
30.Qxb1 Nxb1 31.Rxb7 Kg8 32.Rxb4 Nc3 33.h4 Rh7 34.f5 exf5 35.exf5 gxf5 36.Nxf5 Rd7
37.Rf3 Nd5 38.Rg3+ Kf8 39.Rd4 Rcd8 40.Rgd3 Nb6 41.Rxd7 Rxd7 42.Rxd7 Nxd7
43.Kg1 Kf7 44.Kf2 Nc5 45.Ke3 Kg6 46.Ng3 Na4 47.Kd4 Nb2 48.Ke4 Na4 49.Ne2 Nc5+
50.Kd4 Ne6+ 51.Kd5 Nc7+ 52.Ke4 Nb5 53.a4 Nd6+ 54.Kd5 Nb7 55.Nd4 f5 56.Ne2  1-0

[Event "MTO Open"]
[Site "Biel SUI"]
[Date "2000.07.25"]
[Round "2"]
[White "Shariyazdanov,A"]
[Black "Beshukov,S"]
[Result "1/2-1/2"]
[WhiteElo "2582"]
[BlackElo "2428"]

1.Nf3 Nf6 2.c4 g6 3.Nc3 c5 4.e4 Nc6 5.d4 cxd4 6.Nxd4 Nxd4 7.Qxd4 d6 8.Be2 Bg7
9.Bg5 O-O 10.Qd2 Be6 11.f3 Rc8 12.Nd5 Bxd5 13.cxd5 Nd7 14.O-O f5 15.exf5 Rxf5
16.f4 Nf6 17.Bd3 Qb6+ 18.Kh1 Rxd5 19.Bxf6 Rxd3 20.Qxd3 Bxf6 21.Rab1 Rc5 22.b4 Rc3
23.Qd5+ Kg7 24.g4 e6 25.Qg2 Rc4 26.Rbe1 d5 27.f5 exf5 28.gxf5 d4 29.Re6 Rc6
30.Rxc6 bxc6 31.fxg6 hxg6 32.Rg1 g5 33.h4 d3 34.hxg5 Bc3 35.Qh3 Qd4 36.Qh6+ Kg8
37.Qg6+ Kh8 38.Qh6+ Kg8 39.Qg6+ Kh8 40.Qf6+ Qxf6 41.gxf6 Bxb4 42.Kg2 Kg8
43.Kf3+ Kf7 44.Rg7+ Kxf6 45.Rxa7 Ke6 46.a3 Bc3 47.a4 Kd6 48.a5 d2 49.Ke2 Kc5
50.Ra8 Kb5 51.a6 Kb6 52.Rc8 Ba5 53.Ra8 c5 54.Kd1 Bb4 55.Kc2 Ba5  1/2-1/2

[Event "MTO Open"]
[Site "Biel SUI"]
[Date "2000.07.28"]
[Round "5"]
[White "Thompson,I"]
[Black "Jurek,J"]
[Result "0-1"]
[WhiteElo "2208"]
[BlackElo "2329"]

1.c4 Nf6 2.Nc3 c5 3.Nf3 g6 4.g3 Bg7 5.Bg2 Nc6 6.d4 cxd4 7.Nxd4 O-O 8.O-O Ng4
9.e3 d6 10.b3 a6 11.Bb2 Nxd4 12.exd4 Rb8 13.a4 Nh6 14.a5 Nf5 15.Nd5 e6 16.Nf4 b5
17.Ra2 bxc4 18.bxc4 Qc7 19.Qd3 Bb7 20.d5 e5 21.Ne2 Bc8 22.Ba3 Bd7 23.Nc3 Nd4
24.c5 Rb3 25.Qc4 dxc5 26.Ne4 Rc8 27.Qxc5 Qxc5 28.Bxc5 Bb5 29.Re1 Ne2+ 30.Rexe2 Rb1+
31.Bf1 Bxe2 32.Rxe2 f5 33.Nd2 Rxf1+ 34.Kxf1 Rxc5 35.d6 Kf7 36.Nb3 Rb5 37.d7 Ke7
38.Rd2 Kd8 39.Nc1 Rxa5 40.Nd3 Rd5 41.Ke2 Rxd7 42.Ra2 Ra7 43.Nc5 Bf8 44.Nxa6 Ke7
45.h4 Ke6 46.Ra5 Kf6 47.Ra2 Bd6 48.Nb4 Rxa2+ 49.Nxa2 Ke6 50.Nc3 Bc5 51.Kf3 Bd4
52.Ne2 Kd5 53.Ng1 Bc5 54.Nh3 Kd4 55.Ke2 Be7 56.Ng1 Ke4 57.Nf3 h5 58.Nd2+ Kd5
59.Kf3 Bf8 60.Ke2 Bh6 61.Nf3 Ke4 62.Ne1 f4 63.f3+ Kd4 64.gxf4 Bxf4 65.Kf2 Bd2
66.Ng2 Kd3 67.Kf1 Bf4 68.Kf2 Kd2 69.Ne1 Bg3+ 70.Kxg3 Kxe1 71.Kg2 Ke2 72.Kg3 Kf1
73.f4 e4  0-1

[Event "MTO Open"]
[Site "Biel SUI"]
[Date "2000.07.28"]
[Round "5"]
[White "Tukmakov,V"]
[Black "Cherniaev,A"]
[Result "1-0"]
[WhiteElo "2582"]
[BlackElo "2454"]

1.Nf3 c5 2.c4 Nf6 3.Nc3 e6 4.g3 Nc6 5.Bg2 d5 6.cxd5 Nxd5 7.O-O Be7 8.d4 O-O
9.e4 Nb6 10.dxc5 Bxc5 11.Bf4 Qxd1 12.Raxd1 Nc4 13.b3 e5 14.bxc4 exf4 15.gxf4 Na5
16.Ne5 Be6 17.Nd5 Bd6 18.c5 Bxc5 19.f5 Bc8 20.Nd3 Ba3 21.Nc7 Rb8 22.Nb5 Be7
23.Nxa7 Bd7 24.Ne5 Ba4 25.Rd4 Be8 26.Nd7 Ra8 27.Nb5 Nc6 28.Rdd1 Bxd7 29.Rxd7 Rxa2
30.Rxb7 Bb4 31.f4 g6 32.e5 Nd8 33.Rd7 gxf5 34.Bd5 Ra6 35.Nd6 Ne6  1-0

[Event "HZ Open"]
[Site "Vlissingen NED"]
[Date "2000.07.30"]
[Round "3"]
[White "De Jager,J"]
[Black "Lukas,M"]
[Result "0-1"]
[WhiteElo "2307"]
[BlackElo "2100"]

1.Nf3 c5 2.c4 Nf6 3.Nc3 d5 4.cxd5 Nxd5 5.e3 e6 6.Be2 Be7 7.O-O O-O 8.a3 b6
9.d4 Bb7 10.Qc2 cxd4 11.Nxd4 Nxc3 12.Qxc3 Bd6 13.Rd1 Qe7 14.Qe1 Nc6 15.Nf3 Ne5
16.Nxe5 Bxe5 17.f4 Bf6 18.Qf1 Rfd8 19.Bd3 Bd5 20.a4 Bb3 21.Rd2 Rac8 22.Qf2 Qb4
23.Qf3 Rxc1+ 24.Rxc1 Qxd2 25.Qf1  0-1

[Event "MTO Open"]
[Site "Biel SUI"]
[Date "2000.07.31"]
[Round "7"]
[White "Thompson,I"]
[Black "Hess,C"]
[Result "1/2-1/2"]
[WhiteElo "2208"]
[BlackElo "2296"]

1.Nf3 Nf6 2.c4 c5 3.Nc3 e6 4.g3 d5 5.cxd5 Nxd5 6.Bg2 Nc6 7.O-O Be7 8.d4 O-O
9.Rb1 a5 10.e4 Ndb4 11.d5 exd5 12.exd5 Nd4 13.a3 Nxd5 14.Nxd4 Nxc3 15.bxc3 cxd4
16.cxd4 Bf6 17.d5 b5 18.d6 Ra6 19.Rxb5 Rxd6 20.Rd5 Rxd5 21.Bxd5 Re8 22.Qb3 Be6
23.Bxe6 Rxe6 24.Rd1 Qe8 25.Be3 h5 26.h4 a4 27.Qd3 Be5 28.Bc5 Qc6 29.Qd5 g6
30.Bb4 Kg7 31.Qxc6 Rxc6 32.Rd5 Kf6 33.Ra5 Rc2 34.Rxa4 Ra2 35.Bc5 Ke6 36.Kg2 Kd5
37.Be3 Bd6 38.Ra7 Rxa3 39.Rxf7 Ke6 40.Rg7 Kf5 41.Bd4 Rd3 42.Bb6 Be5 43.Rf7+ Ke6
44.Rf8 Rd7 45.Re8+ Kf5 46.Kf3 Rd3+ 47.Be3 Rb3 48.Rf8+ Ke6 49.Ra8 Rb4 50.Ra6+ Kf7
51.Bg5 Rc4 52.Ke3 Rb4 53.Kd3 Rd4+ 54.Ke2 Re4+ 55.Be3 Bf6 56.Kd3 Re6 57.Ra7+ Re7
58.Ra8 Rd7+ 59.Ke4  1/2-1/2

[Event "4th Open"]
[Site "Korinthos GRE"]
[Date "2000.07.31"]
[Round "7"]
[White "Chernin,A"]
[Black "Vuckovic,Bo"]
[Result "1/2-1/2"]
[WhiteElo "2572"]
[BlackElo "2444"]

1.c4 Nf6 2.Nc3 c5 3.Nf3 e6 4.d4 cxd4 5.Nxd4 Nc6 6.a3 Be7 7.g3 Qb6 8.e3 O-O
9.Bg2 d5 10.cxd5 Nxd5 11.Na4 Qc7 12.Nxc6 Qxc6 13.O-O Qa6 14.Bd2 Bd7 15.Nc3 Nxc3
16.Bxc3 Rfd8 17.Qg4 Bf8 18.Rfc1 Rac8 19.Qh4 Bb5 20.Bb4 h6 21.Bxf8 Rxf8 22.Qe7 Bc6
23.Bxc6 Rxc6 24.Rxc6  1/2-1/2

[Event "MTO Open"]
[Site "Biel SUI"]
[Date "2000.08.01"]
[Round "8"]
[White "Hess,C"]
[Black "Heedt,T"]
[Result "1/2-1/2"]
[WhiteElo "2296"]
[BlackElo "2223"]

1.Nf3 c5 2.c4 Nf6 3.Nc3 e6 4.d4 d5 5.cxd5 Nxd5 6.e3 Be7 7.Bd3 Nc6 8.O-O O-O
9.Nxd5 Qxd5 10.e4 Qh5 11.d5 exd5 12.exd5 Nb4 13.d6 Bxd6  1/2-1/2

[Event "MTO Open"]
[Site "Biel SUI"]
[Date "2000.08.03"]
[Round "10"]
[White "Vovsha,E"]
[Black "Kuemin,S"]
[Result "1-0"]
[WhiteElo "2353"]
[BlackElo "2259"]

1.c4 Nf6 2.Nf3 c5 3.Nc3 b6 4.g3 Bb7 5.Bg2 e6 6.O-O a6 7.d4 cxd4 8.Qxd4 d6
9.Rd1 Nbd7 10.b3 Be7 11.Bb2 O-O 12.e4 Qc7 13.Qe3 Rfe8 14.Rac1 Rac8 15.Nd4 Qb8
16.Qe2 Bf8 17.Re1 g6 18.Nc2 Bg7 19.Ne3 Nc5 20.f3 Rcd8 21.b4 Ncd7 22.Rcd1 Bf8
23.f4 Qa8 24.Qd3 Rc8 25.a3 Rcd8 26.Qd4 Bg7 27.Qd3 Bf8 28.Re2 Qb8 29.Qd4 Ba8
30.h3 e5 31.Qd3 Nh5 32.Ned5 exf4 33.gxf4 Bg7 34.Bf3 Ndf6 35.Nxf6+ Nxf6 36.Nd5 Bxd5
37.cxd5 b5 38.Rc1 Rc8 39.Rec2 Rxc2 40.Rxc2 Rc8 41.Kg2 Nd7 42.Bxg7 Kxg7 43.Rc6 Rxc6
44.dxc6 Nb6 45.Qc3+ Kh6 46.c7 Qc8 47.Qc6 Na8 48.e5 Qxc7 49.Qxc7 Nxc7 50.exd6  1-0

[Event "Valoz Cup"]
[Site "Olomouc CZE"]
[Date "2000.08.03"]
[Round "3"]
[White "Koerholz,L"]
[Black "Obsivac,J"]
[Result "1-0"]
[WhiteElo "2383"]
[BlackElo "2309"]

1.c4 Nf6 2.Nc3 c5 3.Nf3 g6 4.d4 Bg7 5.e4 cxd4 6.Nxd4 d6 7.Be2 Nc6 8.Be3 O-O
9.O-O Bd7 10.Nc2 Rc8 11.Rc1 a6 12.f3 Ne5 13.Na3 Qa5 14.Qb3 Qc7 15.h3 e6 16.Rfd1 Bc6
17.Qb4 Ne8 18.Nd5 Qd8 19.Nb6 Rc7 20.Nc2 f5 21.exf5 gxf5 22.Nd4 Qf6 23.f4 Bh6
24.Qd2 Rg7 25.Nxc6 Nxc6 26.Bf3 Qh4 27.Kh2 Rf6 28.Rg1 Rfg6 29.Rcf1 e5 30.Nd5 Rg3
31.b4 Ne7 32.fxe5 f4 33.Bxf4 Nf5 34.Bxh6 Nxh6 35.Qf4 R7g4 36.Nf6+ Nxf6 37.Qxf6 Rg5
38.Bd5+  1-0

[Event "ch-GBR"]
[Site "Millfield ENG"]
[Date "2000.08.04"]
[Round "5"]
[White "Lalic,B"]
[Black "Turner,M"]
[Result "1/2-1/2"]
[WhiteElo "2520"]
[BlackElo "2491"]

1.Nf3 Nf6 2.c4 e6 3.Nc3 c5 4.g3 Nc6 5.Bg2 d5 6.cxd5 Nxd5 7.O-O Be7 8.d4 O-O
9.Rb1 Nb6 10.dxc5 Bxc5 11.Bf4 Qe7 12.Ne4 e5 13.Bg5 f6 14.Nxc5 Qxc5 15.Be3 Qb5
16.Qc2  1/2-1/2

[Event "FSGM August"]
[Site "Budapest HUN"]
[Date "2000.08.06"]
[Round "2"]
[White "Varga,Zo"]
[Black "Lukacs,P"]
[Result "1/2-1/2"]
[WhiteElo "2541"]
[BlackElo "2488"]

1.c4 c5 2.Nf3 Nf6 3.Nc3 d5 4.cxd5 Nxd5 5.g3 Nc6 6.Bg2 Nc7 7.d3 e5 8.O-O Be7
9.Nd2 Bd7 10.Nc4 f6 11.f4 b5 12.Ne3 exf4 13.gxf4 Rc8 14.Ncd5 Nxd5 15.Nxd5 O-O
16.f5 Bd6 17.Bf4 Ne5 18.Be4 Kh8 19.Rc1 Be8 20.Kh1 Bf7 21.a3 Nc6 22.Bxd6 Qxd6
23.Nf4 Ne7 24.Qe1 Nd5 25.Bxd5 Bxd5+ 26.e4 Bf7 27.Qg3 Rcd8 28.Rg1 Rg8 29.Ng6+ Bxg6
30.Qxd6 Rxd6 31.fxg6 Rxd3 32.Rxc5 hxg6 33.Rxb5 Re8  1/2-1/2